000 01583nam a22003857a 4500
003 CHAP
005 20220817044539.0
008 120903s2012 mx r 00010 spa d
010 _a103837
011 _a104809
035 _a115499
040 _cCHAP
090 _aTesis
100 1 _aNúñez Martínez, Julio Cesar.
_981955
245 1 0 _aEvaluación de producctos orgánicos (Bocashi y extractos orgánicos) en su efecto en la nutrición de limón persa (Citrus latifolia Tan) en San Pedro Tlapacoyan, Ver.
_h[En línea]
_c/por Julio Cesar Núñez Martínez
260 _aChapingo, Méx. :
_bEl autor,
_c2012
500 _aPara ver el contenido del material haga clic en la liga
502 _aTesis (Ing. Agr. Esp. en Fitotecnia) -- UACH. Departamento de Fitotecnia
590 _aALEPH
_b10
_c20130110
_lUCH01
_h1546
590 _aBATCH-UPD
_b10
_c20130110
_lUCH01
_h1241
590 _aBATCH-UPD
_b10
_c20130410
_lUCH01
_h0807
590 _aBATCH-UPD
_b10
_c20130913
_lUCH01
_h1837
590 _aBATCH-UPD
_b10
_c20140324
_lUCH01
_h1533
590 _aBATCH-UPD
_b10
_c20141002
_lUCH01
_h0855
590 _aCONVERSION
_b10
_c20130109
_lUCH01
_h1357
650 0 4 _aAbonos orgánicos.
_9273
650 0 4 _aAbonos
_xEfecto en suelos.
650 0 4 _aAlimentos orgánicos.
_94316
650 0 4 _aLimón persa.
_966865
856 _3Finding aid
_uhttp://10.13.5.2/tesis/115499.pdf
_zTeclea aqui
901 _aBK
942 _cFOLL
949 _aTesis
_bBC
_cTES
_d33724002058538
_eTS2
_fc.2
_gDonaciØn
_h53949
_i115499
_st
949 _aTesis
_bBC
_cTES
_d33724002058579
_eTS1
_gDonaciØn
_h53948
_i115499
_st
999 _c103837
_d103837